Το θέαμα της οδύνης

Αποθηκεύτηκε σε:
Λεπτομέρειες βιβλιογραφικής εγγραφής
Κύριος συγγραφέας: Chouliaraki, Lilie
Μορφή: Βιβλίο
Γλώσσα:Greek
English
Δημοσίευση: Ηράκλειο : Πενεπιστημιακές Εκδόσεις Κρήτης, 2019.
Σειρά:Ανθρωπιστικές επιστήμες. Κοινωνιολογία-Φιλοσοφία.
Θέματα:
Ετικέτες: Προσθήκη ετικέτας
Δεν υπάρχουν, Καταχωρήστε ετικέτα πρώτοι!

MARC

LEADER 00000cam a2200000 a 4500
001 1/122275
008 201023s2019####gr | ||| |||| ||gre||
020 |a 9789605243777 
040 |a GR-MyUa  |b gre  |c GR-MyUa  |e AACR2 
041 1 |a gre  |h eng 
082 7 |a 070.195   |2 (23) 
100 1 |a Chouliaraki, Lilie. 
245 1 3 |a Το θέαμα της οδύνης /   |c Λίλυ Χουλιαράκη ; απόδοση στα ελληνικά Κατερίνα Σχινά ; προλογίζει ο Νίκος Μουζέλης. 
260 |a Ηράκλειο :   |b Πενεπιστημιακές Εκδόσεις Κρήτης,   |c 2019. 
300 |a 393 σ. ;   |c 24 εκ. 
490 1 |a (Ανθρωπιστικές επιστήμες. Κοινωνιολογία-Φιλοσοφία) 
500 |a Τίτλος πρωτοτύπου: The spectatorship of suffering. 
504 |a Βιβλιογραφία: σ. 371-382. Ευρετήριο. 
650 0 |a Television broadcasting of news. 
650 0 |a Television broadcasting of news  |x Moral and ethical aspects. 
650 0 |a Television  |x Social aspects. 
650 0 |a Mass media  |x Social aspects. 
830 0 |a Ανθρωπιστικές επιστήμες.   |p Κοινωνιολογία-Φιλοσοφία. 
852 |a INST  |b LESVOS  |c EUDOXUS  |e 20220520  |h 302.23 CHO  |p 005100064299  |q 005100064299  |t EDX  |y 0 
852 |a INST  |b SYROS  |c EUDOXUS  |e 20201021  |h 070.195 CHO  |p 005500014747  |q 005500014747  |t EDX  |y 0 
920 |a Εύδοξος  |b Παραγγελια  |y Σύρος-ΤΜΣΠΣ  |z 2019-05 
920 |a Εύδοξος  |b Παραγγελία  |y Λέσβος-ΤΚΑΙ  |z 2022-05 
970 |a Κοντού  |b Παρασκευή  |z 23/10/2020